Loading...
| Science - Chemistry | 0 | 6 | 1 | 1 | 55 | 43 | 65.83 | 0 | 4 | 0.00 | 0.00 |
| Science - Biology | 0 | 5 | 0 | 0 | 50 | 50 | 63.80 | 0 | 2 | 0.00 | 0.00 |
| Science - Physics | 0 | 5 | 0 | 1 | 50 | 21 | 58.20 | 1 | 3 | 0.00 | 0.00 |
| Religion | 0 | 4 | 0 | 2 | 40 | 82 | 103.75 | 0 | 0 | 0.00 | 0.00 |
| Fine Arts - Other | 0 | 3 | 0 | 0 | 30 | 73 | 81.33 | 0 | 3 | 0.00 | 0.00 |
| History - American | 0 | 3 | 1 | 1 | 25 | 51 | 88.67 | 1 | 1 | 0.00 | 0.00 |
| Geography | 0 | 2 | 0 | 1 | 20 | 65 | 89.00 | 0 | 1 | 0.00 | 0.00 |
| Literature - American | 0 | 2 | 0 | 0 | 20 | 98 | 107.00 | 0 | 0 | 0.00 | 0.00 |
| Literature - British | 0 | 2 | 0 | 0 | 20 | 95 | 105.00 | 0 | 0 | 0.00 | 0.00 |
| Science - Other | 0 | 3 | 2 | 0 | 20 | 63 | 69.00 | 0 | 2 | 0.00 | 0.00 |
| Fine Arts - Classical Music | 0 | 2 | 1 | 0 | 15 | 107 | 112.00 | 0 | 1 | 0.00 | 0.00 |
| History - Other | 0 | 2 | 1 | 1 | 15 | 12 | 59.50 | 0 | 1 | 0.00 | 0.00 |
| Social Science | 0 | 1 | 0 | 0 | 10 | 77 | 77.00 | 0 | 1 | 0.00 | 0.00 |
| History - World | 0 | 1 | 0 | 0 | 10 | 101 | 101.00 | 0 | 0 | 0.00 | 0.00 |
| Mythology | 0 | 1 | 0 | 1 | 10 | 121 | 121.00 | 0 | 0 | 0.00 | 0.00 |
| Popular Culture | 0 | 1 | 0 | 0 | 10 | 96 | 96.00 | 0 | 1 | 0.00 | 0.00 |
| Literature - World | 0 | 1 | 1 | 0 | 5 | 107 | 107.00 | 0 | 0 | 0.00 | 0.00 |
| Fine Arts - Painting and Sculpture | 0 | 1 | 1 | 0 | 5 | 92 | 92.00 | 0 | 0 | 0.00 | 0.00 |
| Literature - European | 0 | 0 | 0 | 0 | 0 | 0.00 | 0 | 0 | 0.00 | 0.00 |